[Event "DEM U10 2005"]
[Site "Willingen GER"]
[Date "2005.05.16"]
[Round "3"]
[White "Stuhler, Kilian"]
[Black "Rührmund, Daniel"]
[Result "1-0"]
[Termination "normal"]
[Board "25"]
[WhiteElo "1087"]
[BlackElo "1201"]
[PlyCount "87"]
[BlackFideId "24674583"]
[EventCountry "GER"]
[EventRounds "11"]
[EventType "swiss"]
[EventDate "2005.05.15"]

1. e4 c5 2. d4 cxd4 3. c3 d3 4. Bxd3 Nf6 5. Nf3 Nc6 6. Bf4 d5 7. exd5 Nxd5 8.
Bg3 Bg4 9. Nbd2 e6 10. O-O Bc5 11. Qc2 Qf6 12. Rfe1 h6 13. Qb3 Bb6 14. Qxd5 Rd8
15. Qe4 Bh5 16. Bb5 Bg6 17. Bxc6+ bxc6 18. Qxc6+ Kf8 19. Bh4 Qf5 20. Bxd8 Bxd8
21. Qd6+ Ke8 22. Re5 Qf4 23. Rxe6+ fxe6 24. Qxf4 Bf6 25. Qa4+ Kf7 26. Qxa7+ Be7
27. Ne5+ Kf6 28. Nxg6 Kxg6 29. Qxe7 Kh7 30. Qf7 e5 31. f4 e4 32. Nxe4 Rd8 33.
Nf6+ Kh8 34. Qe8+ Rxe8 35. Nxe8 g5 36. a4 gxf4 37. a5 f3 38. a6 f2+ 39. Kf1 h5
40. a7 h4 41. a8=Q h3 42. Ra7 hxg2+ 43. Kxg2 Kg8 44. Nd6# 1-0

[Event "DEM U10 2005"]
[Site "Willingen GER"]
[Date "2005.05.16"]
[Round "3"]
[White "Winterholler, Christina"]
[Black "Barden, Andrea"]
[Result "0-1"]
[Termination "normal"]
[Board "26"]
[WhiteElo "1200"]
[BlackElo "990"]
[PlyCount "106"]
[WhiteFideId "24652105"]
[BlackFideId "24698822"]
[EventCountry "GER"]
[EventRounds "11"]
[EventType "swiss"]
[EventDate "2005.05.15"]

1. e4 g6 2. d4 Bg7 3. Nc3 d6 4. Nf3 Nf6 5. h3 O-O 6. Be3 h6 7. Qd2 Kh7 8. Bd3
b6 9. O-O-O Bb7 10. Rhe1 Nbd7 11. g4 d5 12. e5 Ne4 13. Bxe4 dxe4 14. Nh2 e6 15.
Nf1 Qh4 16. Ng3 Qxh3 17. g5 h5 18. Ncxe4 Qg4 19. Nc3 Bf3 20. Nce2 Rad8 21. Qc3
c5 22. Rd2 cxd4 23. Bxd4 Qxg5 24. Qxf3 Nxe5 25. Qc3 Bh6 26. f4 Qg4 27. Bxe5
Rxd2 28. Qxd2 f6 29. Bc3 e5 30. Rd1 exf4 31. Qd7+ Kh8 32. Qxg4 hxg4 33. Bd2 g5
34. Nf5 Bg7 35. Nxg7 Kxg7 36. Rg1 f3 37. Ng3 Kg6 38. Kd1 Re8 39. Re1 Rd8 40.
Rf1 f5 41. Ke1 f4 42. Ne4 Re8 43. Bc3 Rxe4+ 44. Kf2 Re2+ 45. Kg1 Rxc2 46. Rf2
Rxf2 47. Kxf2 Kf5 48. Bg7 Ke4 49. Bh6 g3+ 50. Kf1 f2 51. Kg2 Ke3 52. Kf1 Kf3
53. Bxg5 g2# 0-1

[Event "DEM U10 2005"]
[Site "Willingen GER"]
[Date "2005.05.16"]
[Round "3"]
[White "Plotkin, Alex"]
[Black "Weber, Clemens"]
[Result "1/2-1/2"]
[Termination "normal"]
[Board "27"]
[WhiteElo "1060"]
[BlackElo "1165"]
[PlyCount "67"]
[BlackFideId "12927813"]
[EventCountry "GER"]
[EventRounds "11"]
[EventType "swiss"]
[EventDate "2005.05.15"]

1. e4 e5 2. Nf3 Nc6 3. Nc3 Nf6 4. Bb5 d6 5. d4 Bd7 6. Bg5 Be7 7. O-O O-O 8. Re1
a6 9. Bxc6 bxc6 10. dxe5 dxe5 11. Nxe5 Be8 12. Qxd8 Rxd8 13. Rad1 Rb8 14. b3 h6
15. Bf4 Bd6 16. Nxc6 Bxc6 17. e5 Bb4 18. exf6 Bxc3 19. Bxc7 Bxe1 20. Bxb8 Bxf2+
21. Kxf2 Rxb8 22. Rd6 Be4 23. c4 Ra8 24. b4 Rb8 25. a3 Rc8 26. c5 gxf6 27. Rxf6
Rc6 28. Rf4 Bc2 29. Ke3 Kf8 30. Kd4 Ke7 31. Kd5 Ba4 32. b5 Bxb5 33. a4 Bxa4 34.
Rxa4 1/2-1/2

[Event "DEM U10 2005"]
[Site "Willingen GER"]
[Date "2005.05.16"]
[Round "3"]
[White "Kuhn, Jan"]
[Black "Scheel, Henrik"]
[Result "1-0"]
[Termination "normal"]
[Board "28"]
[WhiteElo "1164"]
[BlackElo "986"]
[PlyCount "91"]
[BlackFideId "24692115"]
[EventCountry "GER"]
[EventRounds "11"]
[EventType "swiss"]
[EventDate "2005.05.15"]

1. e4 e5 2. Nf3 Nc6 3. Bb5 a6 4. Ba4 b5 5. Bb3 Nf6 6. O-O Bc5 7. Nc3 O-O 8. d3
h6 9. Be3 Bxe3 10. fxe3 Ng4 11. Qe2 d6 12. h3 Nf6 13. d4 Bb7 14. a3 b4 15. axb4
Nxb4 16. Nd2 a5 17. Rfc1 Ba6 18. Bc4 Bxc4 19. Nxc4 Nc6 20. d5 Ne7 21. Rxa5 Rxa5
22. Nxa5 Ng6 23. Nc6 Qd7 24. Ra1 Nh4 25. b4 Nh7 26. Kh2 f5 27. Qh5 g5 28. g3
Nf6 29. Qxh6 Nf3+ 30. Kg2 fxe4 31. Qg6+ Qg7 32. Qxg7+ Kxg7 33. Ra7 Rf7 34. Kf2
g4 35. h4 Kh6 36. b5 Kg6 37. Ke2 Nh5 38. Nxe4 Ng1+ 39. Kd3 Rd7 40. b6 Rg7 41.
Rxc7 Rg8 42. Ne7+ Kg7 43. Nxg8+ Kxg8 44. b7 Nf6 45. Nxf6+ Kf8 46. b8=Q# 1-0

[Event "DEM U10 2005"]
[Site "Willingen GER"]
[Date "2005.05.16"]
[Round "3"]
[White "Schröder, Björn"]
[Black "Neumair, Jerome"]
[Result "0-1"]
[Termination "normal"]
[Board "29"]
[WhiteElo "1035"]
[BlackElo "1162"]
[PlyCount "64"]
[BlackFideId "24672637"]
[EventCountry "GER"]
[EventRounds "11"]
[EventType "swiss"]
[EventDate "2005.05.15"]

1. d4 d5 2. c4 e6 3. Nc3 Nf6 4. Bg5 Nbd7 5. e3 c6 6. Nf3 Qa5 7. a3 Ne4 8. Qc2
Bb4 9. Bd3 Nxc3 10. bxc3 Bxc3+ 11. Ke2 Bxa1 12. Rxa1 h6 13. Bf4 Qd8 14. e4 dxe4
15. Bxe4 Nf6 16. Rd1 O-O 17. Bd3 Re8 18. Be5 b6 19. Qa4 Bb7 20. c5 b5 21. Qb3
Qd5 22. Qxd5 Nxd5 23. Rc1 a5 24. Nd2 f6 25. Bg3 g5 26. Bg6 Red8 27. Ne4 Kg7 28.
Bh5 b4 29. axb4 axb4 30. h4 Ra2+ 31. Kf3 Ba6 32. hxg5 Be2# 0-1

[Event "DEM U10 2005"]
[Site "Willingen GER"]
[Date "2005.05.16"]
[Round "3"]
[White "Sommer, Celin"]
[Black "Klumpe, Jan-Karl"]
[Result "0-1"]
[Termination "normal"]
[Board "30"]
[WhiteElo "1162"]
[BlackElo "936"]
[PlyCount "118"]
[EventCountry "GER"]
[EventRounds "11"]
[EventType "swiss"]
[EventDate "2005.05.15"]

1. e4 e5 2. f4 Bc5 3. Nf3 Nc6 4. Bc4 Nf6 5. Nc3 d6 6. d3 Bg4 7. h3 Bxf3 8. Qxf3
exf4 9. Bxf4 Nd4 10. Qf2 Ne6 11. Qf1 Nxf4 12. Qxf4 O-O 13. O-O-O Bd4 14. Qd2 c6
15. g4 Re8 16. h4 Nxg4 17. Qf4 Be3+ 18. Qxe3 Nxe3 19. Rdg1 Nxc4 20. dxc4 Qb6
21. Rg3 Qa6 22. b3 Rad8 23. h5 h6 24. Rhg1 Re5 25. Rxg7+ Kf8 26. Rh7 Rxh5 27.
Rhg7 Qa5 28. Kb2 Rh3 29. Nd1 h5 30. Rh7 Rh2 31. Rgg7 Rd7 32. a3 h4 33. Rg4 Qe1
34. Nc3 Qf2 35. a4 c5 36. Rh8+ Ke7 37. Nd5+ Ke6 38. Rh6+ Ke5 39. Rh5+ Ke6 40.
Rh6+ f6 41. Rxf6+ Qxf6+ 42. Nxf6 Kxf6 43. a5 h3 44. Rg1 Ke5 45. Ra1 a6 46. Kc3
Rg2 47. b4 Rg3+ 48. Kd2 cxb4 49. Ke2 Kxe4 50. Kf2 Rg2+ 51. Kf1 Rxc2 52. Re1+
Kf4 53. Kg1 h2+ 54. Kh1 Kg3 55. c5 Rf7 56. cxd6 Rcf2 57. Re3+ R7f3 58. Rxf3+
Rxf3 59. d7 Rf1# 0-1

[Event "DEM U10 2005"]
[Site "Willingen GER"]
[Date "2005.05.16"]
[Round "3"]
[White "Geise, Maria"]
[Black "Möhn, Hans"]
[Result "0-1"]
[Termination "normal"]
[Board "31"]
[WhiteElo "990"]
[BlackElo "1161"]
[PlyCount "112"]
[BlackFideId "24647837"]
[EventCountry "GER"]
[EventRounds "11"]
[EventType "swiss"]
[EventDate "2005.05.15"]

1. e4 c5 2. Nf3 d6 3. d4 cxd4 4. Nxd4 Nf6 5. Nc3 g6 6. Be2 Bg7 7. Be3 O-O 8.
O-O Nc6 9. Kh1 Nxd4 10. Bxd4 Be6 11. f4 Qa5 12. Qe1 Rfc8 13. Qf2 Bc4 14. Bxc4
Rxc4 15. Qe3 Ng4 16. Qg3 Nxh2 17. Qxh2 Rxd4 18. Rfd1 Rxd1+ 19. Rxd1 Bxc3 20.
bxc3 Qxc3 21. Rc1 Qb2 22. Rf1 Qxc2 23. g3 Qxh2+ 24. Kxh2 Rc8 25. Rb1 b6 26. Kh3
Kg7 27. Kg4 h5+ 28. Kg5 f6+ 29. Kh4 Rc2 30. Rh1 Rxa2 31. Kh3 Rc2 32. Ra1 Rc7
33. Re1 Kf7 34. Re3 Ke8 35. Ra3 Kd7 36. Kg2 Kc6 37. Kf3 Kb5 38. Ke3 Kb4 39. Ra1
b5 40. Rb1+ Ka5 41. Ra1+ Kb6 42. Rb1 a5 43. Kd4 Rc5 44. Ra1 b4 45. Rb1 Kb5 46.
Ra1 a4 47. Rb1 b3 48. Rb2 Kb4 49. Rb1 a3 50. Rh1 b2 51. Rb1 Kb3 52. Kd3 a2 53.
Re1 b1=Q+ 54. Rxb1+ axb1=Q+ 55. Ke3 Rc3+ 56. Kd4 Qd1# 0-1

[Event "DEM U10 2005"]
[Site "Willingen GER"]
[Date "2005.05.16"]
[Round "3"]
[White "Scholz, Andre"]
[Black "Grzeca, Pascal"]
[Result "1-0"]
[Termination "normal"]
[Board "32"]
[WhiteElo "900"]
[BlackElo "1142"]
[PlyCount "69"]
[BlackFideId "24600741"]
[EventCountry "GER"]
[EventRounds "11"]
[EventType "swiss"]
[EventDate "2005.05.15"]

1. e4 c6 2. d4 d5 3. e5 Bf5 4. f4 Bd7 5. Bd3 e6 6. Nc3 c5 7. Nf3 Nc6 8. Be3
cxd4 9. Bxd4 Nxd4 10. Nxd4 Qb6 11. Bb5 Bxb5 12. Ncxb5 Bc5 13. c3 a6 14. Na3
Qxb2 15. Nac2 Qxc3+ 16. Kf1 Ne7 17. Rb1 b5 18. g3 Bxd4 19. Nxd4 Qc4+ 20. Kg1
Qxa2 21. Qc1 Qc4 22. Qd2 Nc6 23. Nxc6 Qxc6 24. Rc1 Qb6+ 25. Kg2 O-O 26. f5 Rfd8
27. f6 Kf8 28. Qb4+ Kg8 29. Qg4 g6 30. Qh4 h5 31. Qg5 Kh7 32. g4 Rh8 33. gxh5
Qd4 34. hxg6+ fxg6 35. Rc7+ 1-0

[Event "DEM U10 2005"]
[Site "Willingen GER"]
[Date "2005.05.16"]
[Round "3"]
[White "Spilke, Paul"]
[Black "Friedt, Marius"]
[Result "0-1"]
[Termination "normal"]
[Board "33"]
[WhiteElo "893"]
[BlackElo "1127"]
[PlyCount "104"]
[BlackFideId "4642830"]
[EventCountry "GER"]
[EventRounds "11"]
[EventType "swiss"]
[EventDate "2005.05.15"]

1. e4 c5 2. Nf3 Nc6 3. Nc3 g6 4. Bc4 Bg7 5. d3 Nf6 6. Bf4 O-O 7. O-O e6 8. Qd2
d5 9. exd5 exd5 10. Bb3 Be6 11. d4 b6 12. a3 Rc8 13. dxc5 bxc5 14. Bh6 c4 15.
Ba2 Bxh6 16. Qxh6 Ng4 17. Qd2 Nce5 18. Nxe5 Nxe5 19. h3 Qd7 20. Qe3 Nc6 21.
Rad1 d4 22. Qf3 Rfd8 23. Ne4 Ne5 24. Nf6+ Kg7 25. Nxd7 Nxf3+ 26. gxf3 Rxd7 27.
Kg2 d3 28. cxd3 cxd3 29. Bxe6 fxe6 30. Rfe1 Kf6 31. Kg3 d2 32. Re2 Rc2 33. b3
Rd3 34. a4 e5 35. Kg4 h5+ 36. Kg3 Kf5 37. Kg2 h4 38. Kh2 g5 39. Kg2 Rd4 40. Kh2
Kf4 41. Kg2 a5 42. Kg1 Rc1 43. Rexd2 Rxd1+ 44. Rxd1 Rxd1+ 45. Kg2 Rb1 46. Kh2
Kxf3 47. b4 Rf1 48. b5 Rxf2+ 49. Kg1 Kg3 50. b6 Rb2 51. b7 Rxb7 52. Kh1 Rb1#
0-1

[Event "DEM U10 2005"]
[Site "Willingen GER"]
[Date "2005.05.16"]
[Round "3"]
[White "Schnorr, Christian"]
[Black "Spangenberg, Romy"]
[Result "0-1"]
[Termination "normal"]
[Board "37"]
[WhiteElo "1143"]
[BlackElo "1239"]
[PlyCount "96"]
[BlackFideId "4627997"]
[EventCountry "GER"]
[EventRounds "11"]
[EventType "swiss"]
[EventDate "2005.05.15"]

1. e4 c5 2. c3 e6 3. d4 cxd4 4. cxd4 Nf6 5. Nc3 Bb4 6. Bd3 Nc6 7. Nf3 a6 8. Bg5
Be7 9. O-O O-O 10. Qc2 h6 11. Bxf6 Bxf6 12. e5 Be7 13. Rac1 b5 14. Ne2 Bb7 15.
Nf4 Nb4 16. Qb1 Bxf3 17. gxf3 Bg5 18. Bh7+ Kh8 19. Ng2 Bxc1 20. Rxc1 g6 21.
Bxg6 fxg6 22. Qxg6 Qg5 23. Qb1 Rg8 24. Kf1 Qxg2+ 25. Ke2 Qg6 26. Qxg6 Rxg6 27.
a3 Nd5 28. h4 Rgg8 29. Kd3 Rac8 30. Re1 Rg2 31. Rf1 Rh2 32. h5 Rxh5 33. Rd1 Rf5
34. Ke4 Rf4+ 35. Kd3 Rxf3+ 36. Ke2 Rcf8 37. Rf1 h5 38. b4 h4 39. Ke1 h3 40. Ke2
Rxa3 41. Rh1 Rff3 42. Rh2 Nf4+ 43. Kd2 Ra2+ 44. Ke1 Ng2+ 45. Kd1 Raxf2 46. Kc1
Re3 47. Rxh3+ Rxh3 48. Kd1 Rh1# 0-1

[Event "DEM U10 2005"]
[Site "Willingen GER"]
[Date "2005.05.16"]
[Round "3"]
[White "Hauffen, Franziska"]
[Black "Bluhm, Sonja Maria"]
[Result "1/2-1/2"]
[Termination "normal"]
[Board "38"]
[WhiteElo "1014"]
[BlackElo "797"]
[PlyCount "36"]
[BlackFideId "24654027"]
[EventCountry "GER"]
[EventRounds "11"]
[EventType "swiss"]
[EventDate "2005.05.15"]

1. e4 e5 2. Nf3 Nc6 3. Bc4 Bc5 4. O-O Nf6 5. Nc3 O-O 6. d3 h6 7. Be3 Bb6 8.
Bxb6 axb6 9. Qe2 d6 10. h3 Be6 11. Bb3 Nd4 12. Nxd4 exd4 13. Nd5 Nxd5 14. exd5
Bf5 15. Qf3 Qg5 16. Rae1 Rae8 17. Ba4 Rxe1 18. Rxe1 Ra8 1/2-1/2

[Event "DEM U10 2005"]
[Site "Willingen GER"]
[Date "2005.05.16"]
[Round "3"]
[White "Greilich, Sophie"]
[Black "Bakalarz, Bianca"]
[Result "0-1"]
[Termination "normal"]
[Board "39"]
[WhiteElo "793"]
[BlackElo "983"]
[PlyCount "104"]
[EventCountry "GER"]
[EventRounds "11"]
[EventType "swiss"]
[EventDate "2005.05.15"]

1. e4 c5 2. Nc3 Nc6 3. Nf3 Nf6 4. Bc4 e6 5. O-O d5 6. exd5 exd5 7. Bb5 Bd7 8.
d3 d4 9. Bxc6 Bxc6 10. Ne2 Bxf3 11. gxf3 Be7 12. Ng3 O-O 13. Qd2 Re8 14. Qg5
Nd5 15. Qg4 Nf6 16. Qf5 g6 17. Qg5 Ne4 18. Qh6 Bg5 19. Bxg5 Qxg5 20. Qxg5 Nxg5
21. Ne4 Nh3+ 22. Kg2 Nf4+ 23. Kh1 Re6 24. Rg1 Ne2 25. Ng5 Re5 26. f4 Nxf4 27.
Nf3 Re2 28. Rg4 Ne6 29. Re1 Rxf2 30. Ne5 Re8 31. Rg2 Rxg2 32. Kxg2 Nf4+ 33. Kg3
Nh5+ 34. Kg4 f6 35. Nf3 Rxe1 36. Nxe1 f5+ 37. Kg5 Kg7 38. Nf3 h6+ 39. Kh4 Kf6
40. a3 g5+ 41. Kxh5 g4 42. Ne1 Ke5 43. Kh4 Kf4 44. b4 b6 45. Ng2+ Kf3 46. Ne1+
Kf2 47. h3 g3 48. c3 dxc3 49. d4 Kxe1 50. d5 c2 51. d6 c1=Q 52. bxc5 Qg5# 0-1

[Event "DEM U10 2005"]
[Site "Willingen GER"]
[Date "2005.05.16"]
[Round "3"]
[White "Hümmecke, Aaron"]
[Black "von Freydorf, Sofia"]
[Result "1/2-1/2"]
[Termination "normal"]
[Board "40"]
[WhiteElo "770"]
[BlackElo "965"]
[PlyCount "63"]
[WhiteFideId "24692522"]
[EventCountry "GER"]
[EventRounds "11"]
[EventType "swiss"]
[EventDate "2005.05.15"]

1. e4 e5 2. Nf3 Nc6 3. d4 d6 4. dxe5 dxe5 5. Qxd8+ Nxd8 6. Nxe5 Nf6 7. Bg5 Ne6
8. Bb5+ c6 9. Nxc6 bxc6 10. Bxc6+ Bd7 11. Bxa8 Nxg5 12. O-O Nfxe4 13. Re1 Bf5
14. f3 Bc5+ 15. Kf1 Bf2 16. Re2 Bd4 17. fxe4 Bg4 18. Bc6+ Kf8 19. Rd2 Bf6 20.
Nc3 g6 21. h4 Ne6 22. Rf2 Bxh4 23. g3 Bxg3 24. Rg2 Bh3 25. Kg1 Bxg2 26. Kxg2
Be5 27. Rd1 Nf4+ 28. Kf3 Kg7 29. Nd5 Nxd5 30. exd5 Kf6 31. Ke4 Rd8 32. Rf1+
1/2-1/2

[Event "DEM U10 2005"]
[Site "Willingen GER"]
[Date "2005.05.16"]
[Round "3"]
[White "Pannier, Lukas"]
[Black "Zeller, Elisa"]
[Result "0-1"]
[Termination "normal"]
[Board "41"]
[WhiteElo "948"]
[BlackElo "794"]
[PlyCount "38"]
[BlackFideId "24662410"]
[EventCountry "GER"]
[EventRounds "11"]
[EventType "swiss"]
[EventDate "2005.05.15"]

1. e4 e5 2. Nf3 Nf6 3. Nc3 Nc6 4. Bc4 Bc5 5. O-O O-O 6. d3 h6 7. Bd2 d6 8. h3
Bd7 9. Qc1 Re8 10. Bxh6 Bxh3 11. Ng5 Bg4 12. Bxf7+ Kf8 13. Bxe8 Qxe8 14. Bxg7+
Kxg7 15. Re1 Qg6 16. Kf1 Bb4 17. Re3 Qxg5 18. Rg3 Qh4 19. a3 Qh1# 0-1

[Event "DEM U10 2005"]
[Site "Willingen GER"]
[Date "2005.05.16"]
[Round "3"]
[White "Priese, Annika"]
[Black "Brühan, Jan"]
[Result "0-1"]
[Termination "normal"]
[Board "43"]
[WhiteElo "915"]
[BlackElo "784"]
[PlyCount "24"]
[WhiteFideId "24673730"]
[EventCountry "GER"]
[EventRounds "11"]
[EventType "swiss"]
[EventDate "2005.05.15"]

1. e4 e5 2. Bc4 Nf6 3. d4 exd4 4. Qxd4 Nc6 5. Qd3 Nb4 6. Qb3 d5 7. Bb5+ Bd7 8.
Bxd7+ Qxd7 9. Ne2 dxe4 10. Qe3 Nxc2+ 11. Kf1 Nxe3+ 12. Bxe3 Qd1# 0-1

[Event "DEM U10 2005"]
[Site "Willingen GER"]
[Date "2005.05.16"]
[Round "3"]
[White "Kalliwoda, Theresa"]
[Black "Princeataia, Elina"]
[Result "0-1"]
[Termination "normal"]
[Board "44"]
[WhiteElo "868"]
[BlackElo "729"]
[PlyCount "104"]
[EventCountry "GER"]
[EventRounds "11"]
[EventType "swiss"]
[EventDate "2005.05.15"]

1. e4 e5 2. Nf3 Nc6 3. Bc4 Nf6 4. Ng5 d5 5. exd5 b5 6. Bxb5 Nxd5 7. Bxc6+ Bd7
8. Bxa8 Qxa8 9. Nc3 Nf6 10. b3 Qxg2 11. Rf1 Qxg5 12. Qe2 Be7 13. Bb2 O-O 14.
O-O-O Bg4 15. f3 Bh5 16. Nb5 Bd6 17. Nxd6 cxd6 18. Qa6 Rd8 19. Ba3 Ne8 20. Kb1
Bg6 21. d4 Nc7 22. Qc6 Ne8 23. Rf2 Qf5 24. dxe5 Rc8 25. Qe4 Qe6 26. Qd5 Qd7 27.
exd6 Nf6 28. Qe5 Re8 29. Qc5 Rc8 30. Qe5 Re8 31. Qb2 Rc8 32. Re1 Qh3 33. Rg1
Qh4 34. Rg3 Nh5 35. Rd2 Nxg3 36. hxg3 Qxg3 37. d7 Rd8 38. Be7 Qe1+ 39. Qc1 Qxe7
40. Kb2 Qe5+ 41. c3 Qe3 42. Rd1 Qxf3 43. Re1 f6 44. c4 Rxd7 45. a4 Qf2+ 46. Ka3
a5 47. Rd1 Qc5+ 48. Kb2 Re7 49. Rd5 Qb4 50. Qc3 Re2+ 51. Rd2 Rxd2+ 52. Qxd2
Qxd2+ 0-1